LEADER 01109nam--2200373---450- 001 990005874890203316 005 20130724091128.0 010 $a978-88-95730-29-5 035 $a000587489 035 $aUSA01000587489 035 $a(ALEPH)000587489USA01 035 $a000587489 100 $a20130724d2011----km-y0itay50------ba 101 $aita 102 $aIT 105 $a||||||||001yy 200 1 $aOrganizzazioni di successo$ecomprendere e applicare la norma UNI EN ISO 9004:2009 per raggiungere il successo e mantenerlo nel tempo$fdi Nicola Gigante, Mauro Rivara 210 $aMilano$cUNI$d2011 215 $aXVII, 191 p.$d24 cm 410 0$12001 454 1$12001 461 1$1001-------$12001 606 0 $aOrganizzazioni$xGestione$2BNCF 676 $a658 700 1$aGIGANTE,$bNicola$0448930 701 1$aRIVARA,$bMauro$0617549 801 0$aIT$bsalbc$gISBD 912 $a990005874890203316 951 $ap13/1127$b58 DISTRA 959 $aBK 969 $aDISTRA 979 $aGILIBERTI$b10$c20130724$lUSA01$h0911 996 $aOrganizzazioni di successo$91085977 997 $aUNISA